| 000 | 00753nam a2200301Ia 4500 | ||
|---|---|---|---|
| 008 | 181129s9999 xx 000 0 und d | ||
| 020 | _a9780531265680 | ||
| 050 | _a973.7 | ||
| 050 | _bR111 2012 | ||
| 100 | _aRaatma, Lucia | ||
| 245 | 0 | _aUnderground railroad : | |
| 245 | 0 | _bbring history to life / | |
| 245 | 0 | _cby Lucia Raatma. | |
| 260 | _aNew York, NY : | ||
| 260 | _bChildren's Press, | ||
| 260 | _c2012 | ||
| 300 | _a64 pages : | ||
| 300 | _bcolor illustrations ; | ||
| 300 | _c22cm. | ||
| 440 | _aCornerstones of freedom. | ||
| 500 | _a1000L | ||
| 650 | _aAntislavery movements. | ||
| 650 | _afugitive slaves. | ||
| 650 | _aUnderground railroad. | ||
| 650 | _aUnted Dtates. | ||
| 700 | _aSeries. | ||
| 700 | _aTitle. | ||
| 999 |
_c360042 _d360042 |
||